Statistiques concernant Asie carte quiz

Cliquez ici pour prendre le quiz!

Statistiques générales

  • Ce quiz a été pris 16 884 fois
  • Le résultat moyen est 36 sur 48

Réponses sur la Carte

Les réponses sont colorées sur une échelle allant du rouge au vert en fonction du pourcentage des utilisateurs qui les ont devinées à leur premier essai. Vous pouvez retrouver ces pourcentages ci-dessous.
Chargement ...
 

Statistiques - réponses

Réponse% Correct
Chine
98%
Japon
96%
Corée du Nord
95%
Corée du Sud
95%
Mongolie
94%
Inde
92%
Indonésie
88%
Turquie
85%
Arabie Saoudite
85%
Sri Lanka
85%
Taïwan
84%
Philippines
84%
Népal
82%
Chypre
80%
Pakistan
79%
Viêt Nam
77%
Laos
77%
Thaïlande
77%
Maldives
77%
Oman
77%
Malaisie
76%
Irak
75%
Yémen
75%
Bangladesh
74%
Kazakhstan
74%
Émirats arabes unis
73%
Israël
73%
Iran
72%
Birmanie
72%
Cambodge
72%
Bhoutan
71%
Syrie
71%
Singapour
71%
Timor oriental
69%
Liban
69%
Afghanistan
68%
Qatar
68%
Jordanie
66%
Koweït
66%
Arménie
66%
Ouzbékistan
64%
Brunei
63%
Azerbaïdjan
61%
Bahreïn
58%
Géorgie
53%
Kirghizistan
50%
Tadjikistan
50%
Turkménistan
50%

Distribution des résultats

Percentile par nombre de réponses

% des personnes avec chaque résultat

Votre développement - résultats

Vous n’avez pas pris ce quiz